La Disputa / Pierre Carlet de Chamblain de Marivaux ; traducció i pròleg de Joan Casas
Descripción Física:
72 p. ; 18 cm
Otros Autores:
Casas, Joan, 1950-
MARC
| LEADER | 00000nam a2200000Ia 4500 | ||
|---|---|---|---|
| 001 | 8760 | ||
| 008 | 160829s1989 xx 000 0 cat d | ||
| 080 | |a L-1-168 | ||
| 100 | |a Marivaux, Pierre Carlet de Chamblain de |9 27828 | ||
| 245 | |a La Disputa / Pierre Carlet de Chamblain de Marivaux ; traducció i pròleg de Joan Casas | ||
| 260 | |a Barcelona : |b Institut del Teatre. Diputació de Barcelona, |c 1989 | ||
| 300 | |a 72 p. ; |c 18 cm | ||
| 490 | |a Col·lecció popular de teatre clàssic universal ; 33 | ||
| 700 | |a Casas, Joan, |d 1950- |e traductor i escriptor del pròleg |9 23157 | ||
| 710 | 1 | |a Institut del Teatre (Barcelona, Catalunya) |9 52662 | |
| 901 | |a Arxiu | ||
| 942 | |n 1 |2 udc | ||
| 952 | |0 0 |1 0 |4 0 |6 L1168 |7 1 |9 46893 |a Arxiu |b Arxiu |d 2016-12-01 |l 0 |o L-1-168 |p 8760 |r 2016-12-01 00:00:00 |w 2016-12-01 |y ARXIU | ||
| 999 | |c 50686 |d 50686 | ||